Nécrologie (Record no. 68850)

MARC details
000 -LEADER
campo de control de longitud fija 00729nam a22001935i 4500
001 - NÚMERO DE CONTROL
campo de control 68850
003 - IDENTIFICADOR DE NÚMERO DE CONTROL
campo de control ES-MaACL
005 - FECHA Y HORA DE LA ÚLTIMA TRANSACCIÓN
campo de control 20250829113816.0
007 - CAMPO FIJO DE DESCRIPCIÓN FÍSICA--INFORMACIÓN GENERAL
campo de control de longitud fija t|
008 - DATOS DE LONGITUD FIJA--INFORMACIÓN GENERAL
campo de control de longitud fija 960829s1884 fr ||||1| fre d
040 ## - FUENTE DE CATALOGACIÓN
Centro catalogador/agencia de origen CAM
Lengua de catalogación spa
Centro/agencia transcriptor CAM
100 1# - ENTRADA PRINCIPAL--NOMBRE DE PERSONA
Nombre de persona Giordano, Felice.
9 (RLIN) 57161
245 10 - MENCIÓN DEL TÍTULO
Título Nécrologie
Resto del título : Quintino Sella homme d'état et savant italien; extrait de la Revue Universelle des Mines, etc., t.XVI, p.204. 1884.
260 ## - PUBLICACIÓN, DISTRIBUCIÓN, ETC.
Lugar de publicación, distribución, etc. Paris ;
-- Liege :
Nombre del editor, distribuidor, etc. Revue Universelle des Mines,
Fecha de publicación, distribución, etc. 1884 (
Lugar de fabricación/manufactura Liege :
Fabricante Imprimerie de Ch. Aug. Desoer)
300 ## - DESCRIPCIÓN FÍSICA
Extensión 26 p. ;
Dimensiones 22 cm.
600 14 - PUNTO DE ACCESO ADICIONAL DE MATERIA--NOMBRE DE PERSONA
Nombre de persona Sella, Quintino,
Fechas asociadas al nombre 1827-1884-
Subdivisión de forma Homenajes
9 (RLIN) 105320
852 ## - LOCALIZACIÓN
Ubicación ES-MaACL
Número de control de estantería B-7690(11)
condición física . - Encuadernado con otras obras
Holdings
Estatus retirado Estado de pérdida Estado de daño No para préstamo Colección Biblioteca de origen Biblioteca actual Ubicación en estantería Fecha de adquisición Fuente de adquisición Total de préstamos Signatura topográfica completa Código de barras Visto por última vez Precio de reemplazo Tipo de ítem Koha
        Libros del s. XIX Biblioteca del Ateneo de Madrid Biblioteca del Ateneo de Madrid Sala Pardo Bazán 17/01/2008     B-7690(11) 1072098 23/02/2023 23/02/2023 Libro impreso antiguo